00427nam a2200133Ia 450000500170000000800410001702000150005808200150007310000170008824500670010526000490017230000120022150000600023320250606010002.0240331s9999 xx 000 0 und d a9559102168 a303.6bTEN aTennakoon, S 0aSri Lankawe sanskruthiya ha mathawadaya pilibada deshapalanaya aColombobSocial Scientists Associationc1998 a89 p ., aA book of politics of culture and ideology in Sri Lanka